000 00392 a2200169 4500
001 143940
040 _cLeonardo Da Vinci
041 _aPortuguês
_aPortuguês
082 _aFUVEST F996f
_bF996f
245 _aO ANGLO resolve
_bFUVEST 2ªfase 2004
250 _aAR
260 _bAnglo
_c2004
_aSão Paulo
300 _a15
362 _a20040000
697 _aAR
_aMatemática
942 _cBK
999 _c143940
_d143940